[Event "Madrid-chT 1617"]
[Site "Madrid"]
[Date "2017.02.05"]
[Round "8.15"]
[White "Guadamuro Torrente, Anabel"]
[Black "Cobo Diego, Fidel"]
[Result "1-0"]
[WhiteElo "2130"]
[BlackElo "2056"]
[PlyCount "79"]
[EventDate "2016.11.20"]
[EventType "team-tourn"]
[EventRounds "14"]
[EventCountry "ESP"]
[SourceTitle "EXT 2018"]
[Source "ChessBase"]
[SourceDate "2017.10.13"]
[SourceVersion "1"]
[SourceVersionDate "2017.10.13"]
[SourceQuality "1"]
[WhiteTeam "La Casa del Ajedrez"]
[BlackTeam "Moratalaz"]
[WhiteTeamCountry "ESP"]
[BlackTeamCountry "ESP"]

1. e4 c5 2. d3 Nc6 3. g3 g6 4. Bg2 Bg7 5. f4 d6 6. Nf3 e6 7. c3 Nge7 8. 0-0 0-0 9. Be3 b6 10. d4 cxd4 11. cxd4 d5 12. e5 Nf5 13. Bf2 Qd7 14. g4 Nfe7 15. a3 Ba6 16. Re1 Na5 17. Nbd2 Bh6 18. b4 Nc4 19. Nxc4 Bxc4 20. Nd2 Rac8 21. Be3 Bd3 22. Qf3 Bg7 23. Bf2 Bc2 24. Bh4 Rc7 25. Bf6 Rfc8 26. Qg3 Bf8 27. Qh4 Be4 28. Nxe4 dxe4 29. Rad1 Nd5 30. f5 exf5 31. gxf5 Nxf6 32. exf6 Qxf5 33. Bh3 Qf3 34. Bxc8 Rxc8 35. Qxe4 Qxa3 36. Re3 Qxb4 37. Qh4 Rc3 38. Re8 Rc4 39. Qh6 Rc6 40. Qg7# 1-0

[Event "Madrid-chT 1617"]
[Site "Madrid"]
[Date "2016.12.11"]
[Round "3.33"]
[White "Cobo Diego, Fidel"]
[Black "Sanchez Gonzalez, Sergio"]
[Result "0-1"]
[WhiteElo "2056"]
[BlackElo "2282"]
[PlyCount "142"]
[EventDate "2016.11.20"]
[EventType "team-tourn"]
[EventRounds "14"]
[EventCountry "ESP"]
[SourceTitle "EXT 2018"]
[Source "ChessBase"]
[SourceDate "2017.10.13"]
[SourceVersion "1"]
[SourceVersionDate "2017.10.13"]
[SourceQuality "1"]
[WhiteTeam "Moratalaz"]
[BlackTeam "Liberty Chess"]
[WhiteTeamCountry "ESP"]
[BlackTeamCountry "ESP"]

1. e4 c5 2. Nf3 e6 3. d4 cxd4 4. Nxd4 Nf6 5. Nc3 d6 6. Be2 a6 7. 0-0 Qc7 8. a4 Nc6 9. Be3 Be7 10. f4 0-0 11. Kh1 Re8 12. Bf3 Bf8 13. g4 Nxd4 14. Bxd4 e5 15. Be3 exf4 16. Bxf4 Be6 17. g5 Nd7 18. Nd5 Bxd5 19. exd5 Ne5 20. b3 Qc3 21. Bg2 Rac8 22. Rc1 g6 23. Bd2 Qc5 24. Bf4 Qc3 25. Bd2 Qc5 26. Bf4 Bg7 27. c4 Re7 28. Bg3 b6 29. Bf2 Qc7 30. Bh3 Rb8 31. Bd4 Qb7 32. Bg2 Qd7 33. Rc3 Qg4 34. Rg3 Qxd1 35. Rxd1 Nd7 36. Bh3 Nc5 37. Bxc5 bxc5 38. Bg4 Bd4 39. Rf3 Re3 40. Rdf1 Re7 41. h4 Re4 42. Rf4 Rxf4 43. Rxf4 Rxb3 44. Bc8 a5 45. Bd7 Be5 46. Re4 Kg7 47. Kg2 h6 48. Rg4 Rb2+ 49. Kf3 Rh2 50. Be8 Bd4 51. Rf4 Rf2+ 52. Kg3 Rxf4 53. Kxf4 h5 54. Kf3 Bc3 55. Kg3 Be1+ 56. Kh3 Kf8 57. Bc6 Ke7 58. Bb5 Bf2 59. Bc6 f6 60. gxf6+ Kxf6 61. Be8 Be1 62. Bd7 Ke5 63. Bb5 Kd4 64. Ba6 Kc3 65. Bb5 Kb4 66. Kg2 Bxh4 67. Kf3 Bf6 68. Kf4 g5+ 69. Kg3 Be5+ 70. Kh3 g4+ 71. Kh4 Bf4 0-1

[Event "Madrid-chT 1415"]
[Site "Madrid"]
[Date "2015.01.18"]
[Round "6.1"]
[White "Cobo Diego, Fidel"]
[Black "Cabanas Jimenez, Manuel"]
[Result "1/2-1/2"]
[WhiteElo "2035"]
[BlackElo "2127"]
[PlyCount "51"]
[EventDate "2014.11.23"]
[EventType "team-tourn"]
[EventRounds "14"]
[EventCountry "ESP"]
[SourceTitle "EXT 2016"]
[Source "ChessBase"]
[SourceDate "2015.10.08"]
[SourceVersion "1"]
[SourceVersionDate "2015.10.08"]
[SourceQuality "1"]
[WhiteTeam "Moratalaz"]
[BlackTeam "Villalba 64"]
[WhiteTeamCountry "ESP"]
[BlackTeamCountry "ESP"]

1. e4 d5 2. exd5 Nf6 3. d4 Bg4 4. Nf3 Qxd5 5. Be2 Nc6 6. 0-0 0-0-0 7. Be3 Qf5 8. c3 e5 9. Nbd2 Bd6 10. Nc4 Rhe8 11. Nxd6+ Rxd6 12. Re1 exd4 13. Nxd4 Nxd4 14. Bxg4 Nxg4 15. Bxd4 Rxe1+ 16. Qxe1 Re6 17. Qd2 c5 18. h3 cxd4 19. hxg4 Qxg4 20. cxd4 Rd6 21. Rc1+ Kb8 22. Qc3 Qd7 23. Qg3 f6 24. Re1 a5 25. Re8+ Qxe8 26. Qxd6+ 1/2-1/2

[Event "Madrid-chT 1415"]
[Site "Madrid"]
[Date "2014.12.21"]
[Round "4.3"]
[White "Cobo Diego, Fidel"]
[Black "Unciti Juan, Javier"]
[Result "1-0"]
[WhiteElo "2035"]
[BlackElo "2110"]
[PlyCount "99"]
[EventDate "2014.11.23"]
[EventType "team-tourn"]
[EventRounds "14"]
[EventCountry "ESP"]
[SourceTitle "EXT 2016"]
[Source "ChessBase"]
[SourceDate "2015.10.08"]
[SourceVersion "1"]
[SourceVersionDate "2015.10.08"]
[SourceQuality "1"]
[WhiteTeam "Moratalaz"]
[BlackTeam "Casa del Ajedrez"]
[WhiteTeamCountry "ESP"]
[BlackTeamCountry "ESP"]

1. e4 e6 2. d4 d5 3. Nc3 Bb4 4. e5 Ne7 5. a3 Bxc3+ 6. bxc3 c5 7. a4 Nbc6 8. Nf3 Qa5 9. Bd2 Qc7 10. Bb5 Bd7 11. 0-0 Na5 12. Bxd7+ Kxd7 13. Bc1 Nc4 14. Nd2 Nxd2 15. Qxd2 cxd4 16. cxd4 Rac8 17. Ba3 Qc3 18. Qf4 Nf5 19. Rfd1 Rc4 20. Bc5 b6 21. g4 Nh6 22. Bd6 Qh3 23. Ra3 Qxg4+ 24. Qxg4 Nxg4 25. Rg3 h5 26. a5 Rxc2 27. axb6 axb6 28. Ra1 Rhc8 29. Ra7+ Ke8 30. h3 Nxf2 31. Re7+ Kf8 32. Rc7+ Kg8 33. Rxc8+ Rxc8 34. Kxf2 Rc2+ 35. Ke3 Rb2 36. Kf4 b5 37. Rd3 Kh7 38. Kg5 b4 39. Kxh5 b3 40. Rf3 Kg8 41. Rc3 Rb1 42. Rc8+ Kh7 43. Rb8 b2 44. Ba3 Rd1 45. Bxb2 Rg1 46. Rf8 g6+ 47. Kh4 Kh6 48. Rh8+ Kg7 49. Rc8 Rg2 50. Bc1 1-0

[Event "Madrid-chT 1415"]
[Site "Madrid"]
[Date "2014.11.23"]
[Round "1.4"]
[White "Cao Armillas, Jesus"]
[Black "Cobo Diego, Fidel"]
[Result "1/2-1/2"]
[WhiteElo "2113"]
[BlackElo "2035"]
[PlyCount "86"]
[EventDate "2014.11.23"]
[EventType "team-tourn"]
[EventRounds "14"]
[EventCountry "ESP"]
[SourceTitle "EXT 2016"]
[Source "ChessBase"]
[SourceDate "2015.10.08"]
[SourceVersion "1"]
[SourceVersionDate "2015.10.08"]
[SourceQuality "1"]
[WhiteTeam "Collado Villalba"]
[BlackTeam "Moratalaz"]
[WhiteTeamCountry "ESP"]
[BlackTeamCountry "ESP"]

1. d4 d5 2. c4 c6 3. Nf3 Nf6 4. Nc3 a6 5. a4 e6 6. e3 c5 7. cxd5 cxd4 8. Nxd4 Nxd5 9. Bc4 Nxc3 10. bxc3 Nc6 11. 0-0 Be7 12. Nxc6 Qxd1 13. Rxd1 bxc6 14. Rb1 Bc5 15. e4 e5 16. Rd3 Ke7 17. Kf1 a5 18. Ke2 Ra7 19. Rg3 g6 20. Rd3 Bg4+ 21. f3 Be6 22. Bxe6 Kxe6 23. Be3 Bxe3 24. Kxe3 Rc8 25. Rb6 Ke7 26. g4 g5 27. Rd2 Rcc7 28. Rdb2 f6 29. Rb8 Ke6 30. R2b6 Kd6 31. Rd8+ Kc5 32. Rbb8 Rf7 33. Rdc8 Ra6 34. Rf8 Raa7 35. Rxf7 Rxf7 36. Kd3 Rd7+ 37. Kc2 Kc4 38. Rb6 Rd6 39. Ra6 h6 40. Rxa5 c5 41. h3 Rb6 42. Rb5 Rxb5 43. axb5 Kxb5 1/2-1/2